| 000 | 00917nam a22001937a 4500 | ||
|---|---|---|---|
| 999 |
_c61039 _d61039 |
||
| 005 | 20231211152732.0 | ||
| 008 | 231211s1973 ru ||||| |||| 00| 0 rus d | ||
| 041 | _arus | ||
| 080 | _a72.03+7 M-57 | ||
| 100 |
_a Михаловский, Казимеж _920657 |
||
| 245 |
_aФивы / _cКазимеж Михаловский ; Фотографии: Анджей Дзевановский; Перевод с польского: Лия Скальская. |
||
| 264 |
_aВаршава: _b«Аркады», _c1973. |
||
| 300 |
_a86 с.: _bил.; _c29 cm. |
||
| 440 |
_aИскусство и культура Древнего мира _920603 |
||
| 653 | _aუძველესი სამყაროს კულტურა | ||
| 700 |
_aДзевановский, Анджей _eფოტო _920244 |
||
| 700 |
_aСкальская, Лия _eმთარგმნელი _920658 |
||
| 942 |
_2udc _cᲬᲘᲒᲜᲘ |
||